Bệnh nội khoa gia súc
Wedi'i Gadw mewn:
| Prif Awdur: | |
|---|---|
| Fformat: | Llyfr |
| Iaith: | Undetermined |
| Cyhoeddwyd: |
Hà nội
Nông Thôn
1962
|
| Pynciau: | |
| Tagiau: |
Ychwanegu Tag
Dim Tagiau, Byddwch y cyntaf i dagio'r cofnod hwn!
|
| Thư viện lưu trữ: | Trung tâm Học liệu Trường Đại học Cần Thơ |
|---|
| LEADER | 00446nam a2200169Ia 4500 | ||
|---|---|---|---|
| 001 | CTU_14008 | ||
| 008 | 210402s9999 xx 000 0 und d | ||
| 082 | |a 636.0896 | ||
| 082 | |b M916/T1 | ||
| 100 | |a J Mocsy | ||
| 245 | 0 | |a Bệnh nội khoa gia súc | |
| 245 | 0 | |c J Mocsy | |
| 260 | |a Hà nội | ||
| 260 | |b Nông Thôn | ||
| 260 | |c 1962 | ||
| 650 | |a veterinary pathology | ||
| 980 | |a Trung tâm Học liệu Trường Đại học Cần Thơ | ||